LIBRARY & INFORMATION CENTRE, KCAET, TAVANUR

ONLINE PUBLIC ACCESS CATALOGUE (OPAC)

Ham saba gunahgar / (Record no. 3401)

MARC details
000 -LEADER
fixed length control field 00411cam a2200169ua 4500
041 ## - LANGUAGE CODE
Language code of text/sound track or separate title eng
082 ## - DEWEY DECIMAL CLASSIFICATION NUMBER
Classification number 891.43
Item number RAD/HA
100 ## - MAIN ENTRY--AUTHOR NAME
Personal name Radhakrishna , Prasad .
245 ## - TITLE STATEMENT
Title Ham saba gunahgar /
260 ## - PUBLICATION, DISTRIBUTION, ETC. (IMPRINT)
Place of publication :
Name of publisher Nadambari samskarana ,
Year of publication 1994.
300 ## - PHYSICAL DESCRIPTION
Number of Pages 132 ; .
942 ## - ADDED ENTRY ELEMENTS (KOHA)
Koha item type Books
Holdings
Withdrawn status Lost status Damaged status Home library Current library Date acquired Full call number Accession Number Koha item type
Withdrawn     KAUAET Sanskrit University 07/04/2012 891.43 5744 Books
free website counter